000 00562nam a2200229Ia 4500
003 OSt
005 20220926043014.0
006 a|||||r|||| 00| 0
007 ta
008 220923b |||||||| |||| 00| 0 eng d
037 _cGeneral Book
040 _aRTL
_cRTL
_beng
041 _2eng
_aeng
082 _aX72:(Z2).N65, K51-2
100 _aDastur S E
_9347101
245 0 _aDirect tax laws 2V
250 _a2nd
260 _c1965
650 _aTax
942 _hX72:(Z2).N65, K51-2
_cGB
_2CC
999 _c671195
_d671195